| 000 -LEADER |
| fixed length control field |
00744nam a22002057a 4500 |
| 008 - FIXED-LENGTH DATA ELEMENTS--GENERAL INFORMATION |
| fixed length control field |
131021b xxu||||| |||| 00| 0 alb d |
| 020 ## - INTERNATIONAL STANDARD BOOK NUMBER |
| International Standard Book Number |
3901888209 |
| 041 ## - LANGUAGE CODE |
| Language code of text/sound track or separate title |
alb |
| 041 ## - LANGUAGE CODE |
| Language code of text/sound track or separate title |
eng |
| 080 ## - UNIVERSAL DECIMAL CLASSIFICATION NUMBER |
| Universal Decimal Classification number |
061.3 |
| 245 ## - TITLE STATEMENT |
| Title |
1st European Quality days in Kosova : |
| Statement of responsibility, etc |
[Edmond Hajrizi] |
| 260 ## - |
| -- |
Prishtinë ; |
| -- |
Vienna : |
| -- |
Institute for Enterprise Management and Engineering ; |
| -- |
Vienna University of Technology, |
| -- |
2002 |
| 300 ## - |
| -- |
160 f.; |
| -- |
29 cm. |
| 490 ## - |
| -- |
IEME Development and Research |
| 500 ## - |
| -- |
Author Index : f. 160 |
| 650 ## - |
| -- |
Menaxhimi i cilësisë |
| -- |
Konferenca |
| 700 ## - |
| -- |
Hajrizi, Edmond |
| 700 ## - |
| -- |
Osanna, Herbert P. |
| 942 ## - ADDED ENTRY ELEMENTS (KOHA) |
| Source of classification or shelving scheme |
|
| Item type |
Books |